| 000 | 00618nam a22002057a 4500 | ||
|---|---|---|---|
| 005 | 20251108163351.0 | ||
| 008 | 250721s1995 xx 000 0 ara d | ||
| 082 | 1 | 4 | _a320.1109565/ظاه |
| 100 | 1 | _aالظاهر، نعيم إبراهيم | |
| 245 | 1 | 0 | _aسياسة بناء القوة في الأردن / |
| 264 | 1 |
_aعمان : _bوزارة الثقافة، _c1995. |
|
| 300 | _a348ص. | ||
| 650 | 1 | 7 | _aالدولة |
| 650 | 1 | 7 | _aالأردن |
| 650 | 1 | 7 | _aالتاريخ الحديث |
| 650 | 1 | 7 | _aالموارد الطبيعية |
| 650 | 1 | 7 | _aالتاريخ السياسي |
| 942 |
_2ddc _cBK |
||
| 999 |
_c893 _d893 |
||